[Event "Bryansk Zilberstein Memorial 5th"]
[Site "Bryansk"]
[Date "2021.07.31"]
[Round "11"]
[White "Gabrielian, Artur"]
[Black "Rudenko, Naum"]
[Result "0-1"]
[WhiteElo "2460"]
[BlackElo "2294"]
[PlyCount "146"]
[EventDate "2021.07.29"]
[EventType "swiss (rapid)"]
[EventRounds "11"]
[EventCountry "RUS"]
[SourceTitle "CBM 203 Extra"]
[Source "ChessBase"]
[SourceDate "2021.09.30"]
[SourceVersion "1"]
[SourceVersionDate "2021.09.30"]
[SourceQuality "1"]

1. e4 c6 2. d4 d5 3. Nd2 dxe4 4. Nxe4 Nf6 5. Nxf6+ exf6 6. c3 Bd6 7. Bd3 0-0 8. Qc2 h6 9. Ne2 Be6 10. Nf4 Re8 11. 0-0 Qc7 12. Nxe6 Rxe6 13. g3 Nd7 14. Bc4 Re7 15. Bxh6 gxh6 16. Qg6+ Kf8 17. Qh7 Ke8 18. Rfe1 Nf8 19. Qxh6 Kd7 20. Qxf6 Ne6 21. Rad1 Rd8 22. Kg2 Rde8 23. Re3 Kc8 24. Rde1 Nd8 25. Qf3 Rxe3 26. Rxe3 Rxe3 27. Qxe3 Qe7 28. Qf3 Kc7 29. h4 f6 30. Qf5 Nf7 31. Qh7 Nd8 32. Qg6 b5 33. Bb3 a5 34. h5 a4 35. Bg8 f5 36. Qxf5 Qg7 37. Bh7 Nf7 38. Bg6 Nh6 39. Qe4 Ng8 40. Qe6 Nf6 41. g4 Nd5 42. Kf3 Be7 43. Bf5 Kb6 44. h6 Qg5 45. h7 Qf4+ 46. Ke2 Bh4 47. h8Q Qxf2+ 48. Kd1 Qf1+ 49. Kc2 Qf2+ 50. Kd1 Qf1+ 51. Kc2 Qf2+ 52. Kd3 Qf1+ 53. Qe2 Nf4+ 54. Ke4 Qxe2+ 55. Kxf4 Qf2+ 56. Ke5 Bg3+ 57. Kf6 Qxb2 58. Qd8+ Bc7 59. Qd7 Qxa2 60. Be4 Qc4 61. Qe6 Qxc3 62. g5 Qxd4+ 63. Kf5 Qc5+ 64. Kg4 Qg1+ 65. Kf5 Qf2+ 66. Kg6 Qc5 67. Kf7 Qc4 68. g6 Be5 69. Bxc6 Qxe6+ 70. Kxe6 Bc3 71. Kd7 Kc5 72. Be4 b4 73. Bf5 b3 0-1

[Event "Chigorin Memorial 27th"]
[Site "St Petersburg"]
[Date "2019.10.12"]
[Round "8"]
[White "Rudenko, Naum"]
[Black "Putrenko, Kirill"]
[Result "1/2-1/2"]
[WhiteElo "2286"]
[BlackElo "1974"]
[PlyCount "74"]
[EventDate "2019.10.05"]
[EventType "swiss"]
[EventRounds "9"]
[EventCountry "RUS"]
[SourceTitle "EXT 2021"]
[Source "ChessBase"]
[SourceDate "2020.10.23"]
[SourceVersion "1"]
[SourceVersionDate "2020.10.23"]
[SourceQuality "1"]

1. e4 c5 2. Nf3 e6 3. g3 Nc6 4. Bg2 e5 5. 0-0 g6 6. Nc3 Bg7 7. a3 d6 8. b4 Nge7 9. d3 0-0 10. Rb1 b6 11. Nd5 Nxd5 12. exd5 Ne7 13. Nd2 Qc7 14. Bb2 Bb7 15. c4 Bc8 16. Bc3 Bd7 17. Ne4 f5 18. Ng5 h6 19. Ne6 Bxe6 20. dxe6 Rad8 21. f4 Rfe8 22. Qe2 exf4 23. Bxg7 Kxg7 24. Rxf4 d5 25. Qe3 g5 26. Rff1 dxc4 27. dxc4 cxb4 28. Rxb4 Qd6 29. Kh1 Rc8 30. Qe2 Red8 31. Rb5 Rc5 32. Rxc5 Qxc5 33. Re1 Rd4 34. Qh5 Rxc4 35. Qf7+ Kh8 36. Qf6+ Kh7 37. Qf7+ Kh8 1/2-1/2

[Event "Chigorin Memorial 27th"]
[Site "St Petersburg"]
[Date "2019.10.07"]
[Round "3"]
[White "Sokolov, Nikita Dm"]
[Black "Rudenko, Naum"]
[Result "0-1"]
[WhiteElo "2022"]
[BlackElo "2286"]
[PlyCount "80"]
[EventDate "2019.10.05"]
[EventType "swiss"]
[EventRounds "9"]
[EventCountry "RUS"]
[SourceTitle "EXT 2020"]
[Source "ChessBase"]
[SourceDate "2019.10.17"]
[SourceVersion "1"]
[SourceVersionDate "2019.10.17"]
[SourceQuality "1"]

1. d4 e6 2. c4 d5 3. cxd5 exd5 4. Nc3 c6 5. Nf3 Bf5 6. Bg5 Nf6 7. e3 Qb6 8. Qd2 Ne4 9. Qc1 Nxg5 10. Nxg5 Nd7 11. Be2 Bd6 12. 0-0 0-0 13. a3 a5 14. Nf3 Qc7 15. Qd2 Rae8 16. Rac1 Qd8 17. h3 Nf6 18. Nh2 Bc7 19. f4 Qe7 20. Kf2 g5 21. Kg1 gxf4 22. exf4 Qe3+ 23. Qxe3 Rxe3 24. Rce1 Rfe8 25. Nf3 Nh5 26. Ne5 Ng3 27. Kf2 Nxf1 28. Rxf1 Re4 29. Nxe4 Bxe4 30. g4 Re7 31. Bf3 Bb6 32. Rd1 Bxf3 33. Nxf3 Re4 34. a4 f6 35. Rd3 Kf7 36. f5 Ba7 37. Rb3 b6 38. Re3 b5 39. axb5 cxb5 40. Rd3 h5 0-1

[Event "St Petersburg NFD Cup final-A"]
[Site "St Petersburg"]
[Date "2016.12.14"]
[Round "6"]
[White "Rudenko, Naum"]
[Black "Esipenko, Andrey"]
[Result "0-1"]
[WhiteElo "2337"]
[BlackElo "2492"]
[PlyCount "130"]
[EventDate "2016.12.09"]
[EventType "tourn"]
[EventRounds "9"]
[EventCountry "RUS"]
[EventCategory "9"]
[SourceTitle "CBM 176 Extra"]
[Source "ChessBase"]
[SourceDate "2017.03.02"]
[SourceVersion "1"]
[SourceVersionDate "2017.03.02"]
[SourceQuality "1"]

1. d4 Nf6 2. c4 e6 3. Nf3 d5 4. Nc3 Bb4 5. cxd5 exd5 6. Bg5 h6 7. Bh4 g5 8. Bg3 Ne4 9. Rc1 Bxc3+ 10. bxc3 h5 11. h4 g4 12. Ne5 Nxg3 13. fxg3 Qd6 14. c4 dxc4 15. Qa4+ c6 16. Qxc4 Be6 17. Qc3 Nd7 18. Nxd7 Bxd7 19. e4 0-0-0 20. Be2 Rhe8 21. e5 Qd5 22. 0-0 Be6 23. Rf4 Qxa2 24. Kf2 Kb8 25. Ra1 Qb3 26. Qc1 Qb6 27. Rb1 Qc7 28. Bc4 Bxc4 29. Qxc4 Rd5 30. Kg1 Red8 31. Rbf1 R8d7 32. Qc2 Rxd4 33. Rxd4 Qb6 34. Qf5 Qxd4+ 35. Kh2 Qd3 36. Qf4 Rc7 37. Rf2 b5 38. Rd2 Qc4 39. Rd4 Qc5 40. Rd8+ Kb7 41. Qg5 Qe7 42. Qg8 Qxe5 43. Re8 Re7 44. Rf8 Qc7 45. Qh7 b4 46. Qxh5 b3 47. Qxg4 a5 48. Qc4 Qb6 49. Qg4 Qc7 50. Qc4 Qb6 51. Qg4 Rc7 52. Qg8 Qa7 53. Rxf7 a4 54. Qg7 Rxf7 55. Qxf7+ Kb6 56. Qc4 Qa5 57. Qd4+ Ka6 58. Qd7 Qb5 59. Qc8+ Ka5 60. Qd8+ Kb4 61. Qd4+ Qc4 62. Qb6+ Ka3 63. h5 Qd5 64. g4 b2 65. h6 Qd6+ 0-1

[Event "St Petersburg NFD Cup final-A"]
[Site "St Petersburg"]
[Date "2016.12.12"]
[Round "4"]
[White "Rudenko, Naum"]
[Black "Volodin, Aleksandr"]
[Result "0-1"]
[WhiteElo "2337"]
[BlackElo "2462"]
[PlyCount "90"]
[EventDate "2016.12.09"]
[EventType "tourn"]
[EventRounds "9"]
[EventCountry "RUS"]
[EventCategory "9"]
[SourceTitle "CBM 176 Extra"]
[Source "ChessBase"]
[SourceDate "2017.03.02"]
[SourceVersion "1"]
[SourceVersionDate "2017.03.02"]
[SourceQuality "1"]

1. d4 Nf6 2. c4 c5 3. d5 b5 4. cxb5 a6 5. f3 e6 6. e4 exd5 7. exd5 Bd6 8. Bc4 0-0 9. Ne2 axb5 10. Bxb5 Ba6 11. Bxa6 Nxa6 12. 0-0 Qb8 13. g3 Re8 14. Nbc3 h6 15. Rb1 Nb4 16. a3 Nbxd5 17. Nxd5 Nxd5 18. Qxd5 Rxe2 19. Qd3 Re6 20. Kg2 Qb7 21. Bd2 Be5 22. b4 Rd6 23. Qc2 c4 24. Bc3 Bxc3 25. Qxc3 Rd3 26. Qxc4 Raxa3 27. Rbe1 Rxf3 28. Re8+ Kh7 29. Qe4+ Qxe4 30. Rxe4 Rxf1 31. Kxf1 Kg6 32. Rd4 Ra7 33. Ke2 Ra2+ 34. Kf3 Rxh2 35. Rxd7 Rb2 36. Rb7 f5 37. Kf4 Rf2+ 38. Ke3 Rc2 39. b5 Kf6 40. b6 Rc3+ 41. Kf2 Rb3 42. Rb8 Kg5 43. Rg8 g6 44. Rb8 Kg4 45. b7 g5 0-1

[Event "Chigorin Memorial 24th"]
[Site "St Petersburg"]
[Date "2016.10.22"]
[Round "8"]
[White "Rudenko, Naum"]
[Black "Kononenko, Dmitry1"]
[Result "1-0"]
[WhiteElo "2102"]
[BlackElo "2315"]
[PlyCount "95"]
[EventDate "2016.10.15"]
[EventType "swiss"]
[EventRounds "9"]
[EventCountry "RUS"]
[SourceTitle "CBM 175 Extra"]
[Source "ChessBase"]
[SourceDate "2016.12.12"]
[SourceVersion "1"]
[SourceVersionDate "2016.12.12"]
[SourceQuality "1"]

1. e4 c6 2. Nc3 d5 3. Nf3 Bg4 4. h3 Bxf3 5. Qxf3 Nf6 6. d4 e6 7. Bd3 Bb4 8. e5 Nfd7 9. Qg3 Bf8 10. 0-0 c5 11. Nb5 c4 12. Be2 Qb6 13. Nd6+ Bxd6 14. Qxg7 Rf8 15. exd6 Qxd6 16. b3 Nc6 17. a4 c3 18. Ba3 Nb4 19. Qxh7 0-0-0 20. Qd3 a5 21. Qxc3+ Kb8 22. Qd2 Rh8 23. c3 Rdg8 24. Qe3 e5 25. dxe5 Qg6 26. Qg3 Qh7 27. Bg4 Nc2 28. e6+ Ka8 29. exd7 Nxa3 30. Rxa3 f5 31. Qc7 fxg4 32. d8Q+ Rxd8 33. Qxh7 Rxh7 34. hxg4 Rc8 35. Ra2 Rxc3 36. Rd2 Rxb3 37. Rxd5 b6 38. Rfd1 Kb7 39. g5 Kc6 40. g6 Rg7 41. Rd6+ Kc5 42. f4 Rg3 43. f5 Re7 44. Kf2 Rg5 45. R1d5+ Kc4 46. f6 Rxd5 47. Rxd5 Re6 48. Rf5 1-0

[Event "Chigorin Memorial 24th"]
[Site "St Petersburg"]
[Date "2016.10.15"]
[Round "1"]
[White "Alekseenko, Kirill"]
[Black "Rudenko, Naum"]
[Result "1-0"]
[WhiteElo "2554"]
[BlackElo "2102"]
[PlyCount "85"]
[EventDate "2016.10.15"]
[EventType "swiss"]
[EventRounds "9"]
[EventCountry "RUS"]
[SourceTitle "CBM 175 Extra"]
[Source "ChessBase"]
[SourceDate "2016.12.12"]
[SourceVersion "1"]
[SourceVersionDate "2016.12.12"]
[SourceQuality "1"]

1. e4 e5 2. Nf3 Nf6 3. d3 Nc6 4. g3 d5 5. exd5 Nxd5 6. Bg2 Be7 7. 0-0 0-0 8. Nbd2 Be6 9. Re1 f6 10. Qe2 Qd7 11. Nb3 Rfe8 12. d4 Bh3 13. dxe5 Bb4 14. Rd1 Nxe5 15. c3 Rad8 16. Nxe5 Rxe5 17. Qf1 Bxg2 18. Qxg2 Nxc3 19. Rxd7 Re1+ 20. Qf1 Ne2+ 21. Kg2 Rxd7 22. Be3 Rxf1 23. Kxf1 Nc3 24. bxc3 Bxc3 25. Rc1 Bb4 26. Bc5 Bxc5 27. Nxc5 Rd2 28. Nxb7 Rxa2 29. Rxc7 a5 30. Nd6 Kf8 31. Rf7+ Kg8 32. Ra7 Kf8 33. Kg2 Ra1 34. Nc4 a4 35. Nb6 a3 36. Nc4 a2 37. Ne3 g6 38. Nc2 Rc1 39. Rxa2 Kg7 40. Ra7+ Kh6 41. Ne3 f5 42. Nd5 g5 43. Rf7 1-0

[Event "RUS-chT U20"]
[Site "Kolomna"]
[Date "2014.08.05"]
[Round "4"]
[White "Privorotsky, Oleg1"]
[Black "Rudenko, Naum"]
[Result "1-0"]
[WhiteElo "1816"]
[BlackElo "1843"]
[PlyCount "109"]
[EventDate "2014.08.02"]
[EventType "swiss"]
[EventRounds "9"]
[EventCountry "RUS"]
[SourceTitle "EXT 2016"]
[Source "ChessBase"]
[SourceDate "2015.10.08"]
[SourceVersion "1"]
[SourceVersionDate "2015.10.08"]
[SourceQuality "1"]

1. e4 e6 2. d4 d5 3. Nd2 c5 4. exd5 Qxd5 5. Ngf3 Nc6 6. Bc4 Qd8 7. Nb3 cxd4 8. 0-0 Nf6 9. Nbxd4 Nxd4 10. Nxd4 a6 11. Bf4 Bd6 12. Bxd6 Qxd6 13. c3 0-0 14. Qf3 e5 15. Nf5 Bxf5 16. Qxf5 g6 17. Qc2 Rad8 18. a4 e4 19. h3 Qc6 20. Bb3 Kg7 21. Rfe1 Rfe8 22. Rad1 Qb6 23. Rxd8 Rxd8 24. Ba2 Rd3 25. Bc4 Rd7 26. Re3 Qd8 27. Bb3 Rd2 28. Qc1 Qd6 29. Bc2 Nh5 30. Rxe4 Nf4 31. Kf1 f5 32. Rd4 Rxd4 33. cxd4 Qxd4 34. Bd1 Qxf2+ 35. Kxf2 Nd3+ 36. Ke3 Nxc1 37. Kd4 b6 38. b4 Na2 39. Kc4 Nc1 40. Bf3 Kf6 41. b5 a5 42. Kd5 Nd3 43. Kc6 Nc5 44. Bd1 g5 45. Kxb6 Nd7+ 46. Kxa5 Ke7 47. b6 Kd8 48. Bc2 f4 49. Bxh7 Nb8 50. Kb5 Kc8 51. a5 Kb7 52. a6+ Nxa6 53. Be4+ Kb8 54. Kxa6 Kc8 55. Ka7 1-0

[Event "RUS-chT U20"]
[Site "Kolomna"]
[Date "2014.08.04"]
[Round "3"]
[White "Rudenko, Naum"]
[Black "Zelenov, Aleksey"]
[Result "1-0"]
[WhiteElo "1843"]
[BlackElo "1738"]
[PlyCount "49"]
[EventDate "2014.08.02"]
[EventType "swiss"]
[EventRounds "9"]
[EventCountry "RUS"]
[SourceTitle "EXT 2016"]
[Source "ChessBase"]
[SourceDate "2015.10.08"]
[SourceVersion "1"]
[SourceVersionDate "2015.10.08"]
[SourceQuality "1"]

1. d4 Nf6 2. c4 g6 3. Nc3 Bg7 4. e4 d6 5. h3 Nbd7 6. Nf3 0-0 7. Bg5 e5 8. d5 a5 9. g4 Nc5 10. Nd2 Qd7 11. Be2 Ne8 12. Qc2 f6 13. Bh4 Bh6 14. 0-0-0 Ng7 15. Kb1 Bxd2 16. Qxd2 Qf7 17. Rhg1 f5 18. gxf5 gxf5 19. Qh6 Kh8 20. Rg2 fxe4 21. Rdg1 Rg8 22. Rxg7 Rxg7 23. Bf6 Bf5 24. Rxg7 e3+ 25. Ka1 1-0

[Event "RUS-chT U20"]
[Site "Kolomna"]
[Date "2014.08.02"]
[Round "1"]
[White "Rudenko, Naum"]
[Black "Esipenko, Andrey"]
[Result "0-1"]
[WhiteElo "1843"]
[BlackElo "2286"]
[PlyCount "88"]
[EventDate "2014.08.02"]
[EventType "swiss"]
[EventRounds "9"]
[EventCountry "RUS"]
[SourceTitle "EXT 2016"]
[Source "ChessBase"]
[SourceDate "2015.10.08"]
[SourceVersion "1"]
[SourceVersionDate "2015.10.08"]
[SourceQuality "1"]

1. d4 Nf6 2. c4 e6 3. Nf3 Bb4+ 4. Bd2 a5 5. a3 Bxd2+ 6. Nbxd2 Nc6 7. e3 0-0 8. Bd3 d6 9. 0-0 e5 10. d5 Ne7 11. Qc2 a4 12. Nh4 g6 13. g3 Bh3 14. Rfe1 c6 15. e4 Nd7 16. Ndf3 Nc5 17. Qd2 f6 18. Bc2 cxd5 19. exd5 Kg7 20. Rad1 Qd7 21. Qe3 Nf5 22. Nxf5+ Bxf5 23. Bxf5 Qxf5 24. Qe2 Qd7 25. Kg2 Rae8 26. Rh1 f5 27. Qe3 f4 28. Qc3 Kg8 29. h4 e4 30. Nd4 f3+ 31. Kg1 e3 32. Rc1 exf2+ 33. Kxf2 Re2+ 34. Nxe2 Ne4+ 35. Ke3 Nxc3 36. Nxc3 f2 37. Rhf1 Qg4 38. Ne4 Re8 39. Kxf2 Rxe4 40. Rfe1 Rxe1 41. Rxe1 Qxc4 42. Rd1 Qc2+ 43. Ke1 Qxb2 44. Rd3 b5 0-1